Satellite Cities #1 - Statistics

General Stats
  • This quiz has been taken 22 times
  • The average score is 9 of 60
Answer Stats
Picture Answer % Correct
Dubai
95%
Gibraltar
89%
Cape Town
63%
Boston
47%
Istanbul
47%
Almaty
37%
Manaus
37%
Valletta
37%
Dubrovnik
32%
London
32%
Malé
32%
Denpasar
26%
Antwerp
21%
Beijing
21%
A Coruña
16%
Entebbe
16%
George Town
16%
Guayaquil
16%
Kagoshima
16%
Mombasa
16%
Addis Ababa
11%
Busan
11%
Conakry
11%
Eilat
11%
Green Bay
11%
Iqaluit
11%
Taipei
11%
Trabzon
11%
Tyre
11%
Agra
5%
Amaravati
5%
Asunción
5%
Berbera
5%
Carcassonne
5%
Cebu City
5%
Cork
5%
Dalian
5%
Djibouti
5%
Flores
5%
Gilgit
5%
Kaliningrad
5%
Krong Siem Reap
5%
Lomé
5%
Marseille
5%
Mecca
5%
Prague
5%
Punta Cana
5%
Rapid City
5%
Stornoway
5%
Turkmenbaşy
5%
Urk
5%
Varanasi
5%
Windhoek
5%
Havana
0%
Karachi
0%
Libreville
0%
Pointe a Pitre
0%
Rafah
0%
San José
0%
Yerevan
0%
No matching quizzes found
Score Distribution
Percent of People with Each Score
Percentile by Number Answered
Your Score History
You have not taken this quiz